LEADER 02160nam0 22004693i 450 001 BVE0037270 005 20251003044051.0 010 $a8815038434 020 $aIT$bEDI-270 100 $a20111017d1993 ||||0itac50 ba 101 | $aita 102 $ait 181 1$6z01$ai $bxxxe 182 1$6z01$an 183 1$6z01$anc$2RDAcarrier 200 1 $aSviluppo economico e squilibri territoriali nel Sud Europa$fEnrico Wolleb e Guglielmo Wolleb 210 $a[Bologna]$cIl mulino$d[1993] 215 $a253 p.$d22 cm 225 | $aCollana della Svimez 300 $aSegue: Appendici. 410 0$1001CFI0074511$12001 $aCollana della Svimez$171202$aSvimez$3CFIV025373 606 $aComunità economica europea$xPolitica regionale$2FIR$3CFIC020458$9I 606 $aPaesi mediterranei$xSviluppo economico$x1970-1990$2FIR$3CFIC062859$9I 676 $a337.142$9$v21 676 $a338.90091822$9SVILUPPO ECONOMICO. ZONA MEDITERRANEA$v19 676 $a338.90091822$9SVILUPPO ECONOMICO. Regione mediterranea$v20 676 $a338.94$9SVILUPPO ECONOMICO. Europa$v21 676 $a341.2422$9DIRITTO INTERNAZIONALE. UNIONE EUROPEA$v21 696 $aCrescita economica 699 $aSviluppo economico$yCrescita economica 700 1$aWolleb$b, Enrico$3CFIV060205$4070$035233 701 1$aWolleb$b, Guglielmo$3CFIV116051$4070$035234 801 3$aIT$bIT-000000$c20111017 850 $aIT-BN0095 $aIT-SA0112 $aIT-NA0457 901 $bNAP BI$cSALA 3 $nLibri da 1597 a 3785 901 $bNAP 84$cBIBLIOTECA$n$ 901 $bNAP 01$cPOZZO LIB.$nVi sono collocati fondi di economia, periodici di ingegneria e scienze, periodici di economia e statistica e altri fondi comprendenti documenti di economia pervenuti in dono. 912 $aBVE0037270 950 0$aBiblioteca Centralizzata di Ateneo$c1 v.$d 01POZZO LIB.ECON MON 8385$e 0101 0000086525E VMA 1 v. (Precedente collocazione: GUERRAZZI B 92)$fB $h20070903$i20070903 977 $a 01$a 84$a BI 996 $aSviluppo economico e squilibri territoriali nel sud Europa$934889 997 $aUNISANNIO